Catálogo público

Evaluación de fungicidas, número e intervalos de aplicaciones para el control de la roya del haba Uromyces fabae (Pers.) D By bajo condicones de campo / (Record no. 204361)

MARC details
000 -CABECERA
campo de control de longitud fija 01042nam a2200301Ia 4500
001 - NÚMERO DE CONTROL
campo de control Para_5888
003 - IDENTIFICADOR DEL NÚMERO DE CONTROL
campo de control CHAP
008 - DATOS DE LONGITUD FIJA--INFORMACIÓN GENERAL
campo de control de longitud fija 220125s1979 xx 000 0 und d
010 ## - NÚMERO DE CONTROL DE LA BIBLIOTECA DEL CONGRESO
Número de control de LC 204361
040 ## - FUENTE DE LA CATALOGACIÓN
Centro/agencia transcriptor CHAP
090 ## - LOCALMENTE ASIGNADO TIPO-LC NÚMERO DE CLASIFICACIÓN (OCLC); NÚMERO DE CLASIFICACIÓN LOCAL (RLIN)
Número de clasificación (OCLC) (R) ; Numero de clasificación, CALL (RLIN) (NR) PA TESIS 198
100 ## - ENTRADA PRINCIPAL--NOMBRE DE PERSONA
Nombre de persona Mendoza Zamora, Cecilio
9 (RLIN) 74770
245 ## - MENCIÓN DE TÍTULO
Título Evaluación de fungicidas, número e intervalos de aplicaciones para el control de la roya del haba Uromyces fabae (Pers.) D By bajo condicones de campo /
Mención de responsabilidad, etc. por Cecilio Mendoza Zamora
260 ## - PUBLICACIÓN, DISTRIBUCIÓN, ETC.
Lugar de publicación, distribución, etc. Chapingo, Méx. :
Nombre del editor, distribuidor, etc. el autor
300 ## - DESCRIPCIÓN FÍSICA
Extensión 113 h.
502 ## - NOTA DE TESIS
Nota de tesis Tesis (Ing. Agr. Esp. en Parasitología Agrícola) -- UACh. Departamento Parasitología Agrícola
650 ## - PUNTO DE ACCESO ADICIONAL DE MATERIA--TÉRMINO DE MATERIA
Término de materia o nombre geográfico como elemento de entrada Fungicidas
9 (RLIN) 44044
650 ## - PUNTO DE ACCESO ADICIONAL DE MATERIA--TÉRMINO DE MATERIA
Término de materia o nombre geográfico como elemento de entrada Haba
Subdivisión general enfermedades
9 (RLIN) 52101
650 ## - PUNTO DE ACCESO ADICIONAL DE MATERIA--TÉRMINO DE MATERIA
Término de materia o nombre geográfico como elemento de entrada Roya del haba
9 (RLIN) 100387
710 ## - PUNTO DE ACCESO ADICIONAL--NOMBRE DE ENTIDAD CORPORATIVA
Nombre de entidad corporativa o nombre de jurisdicción como elemento de entrada UACh. Departamento Parasitología Agrícola
9 (RLIN) 164025
901 ## - ELEMENTOS DE DATOS A LOCAL LDA (RLIN)
a PA TESIS 198
902 ## - ELEMENTOS DE DATOS B LOCAL, LDB (RLIN)
a M
905 ## - ELEMENTOS DE DATOS E LOCAL, LDE (RLIN)
a 0000001979 abi 0000000000 00
910 ## - DATOS DE OPCIÓN DEL USUARIO (OCLC)
Datos de opción del usuario 1979
942 ## - ELEMENTOS DE PUNTO DE ACCESO ADICIONAL (KOHA)
Tipo de ítem Koha Parasitologia_
942 ## - ELEMENTOS DE PUNTO DE ACCESO ADICIONAL (KOHA)
Tipo de ítem Koha Parasitologia_
-- 2
Holdings
Estado de retiro Estado de pérdida Fuente del sistema de clasificación o colocación Estado dañado Restricciones de uso No para préstamo Código de colección Localización permanente Ubicación/localización actual Fecha de adquisición Información codificada de la localización en otra ubicación Número de inventario Total de préstamos Signatura topográfica completa Código de barras Fecha visto por última vez Número de copia Precio válido a partir de Tipo de ítem Koha Nota pública
    Clasificación Universidad Autónoma de Chapingo   Préstamo 3 días   Tesis Parasitologia Agricola Parasitologia Agricola 27/10/2005 PARA (PA_3251-3) (No. UACh CONSUMO)   PA TESIS 198 4101000269 25/01/2022 Ej.3 25/01/2022 Tesis 3
    Clasificación Universidad Autónoma de Chapingo   Préstamo interno   Tesis Parasitologia Agricola Parasitologia Agricola 27/10/2005 PARA (PA_3251) (No. UACh CONSUMO)   PA TESIS 198 4101000267 25/01/2022 Ej.1 25/01/2022 Tesis 3
    Clasificación Universidad Autónoma de Chapingo   Préstamo 3 días   Tesis Parasitologia Agricola Parasitologia Agricola 27/10/2005 PARA (PA_3251-2) (No. UACh CONSUMO)   PA TESIS 198 4101000268 25/01/2022 Ej.2 25/01/2022 Tesis 3